000 00499nam a22001817a 4500
005 20250425184901.0
008 250425b |||||||| |||| 00| 0 eng d
020 _a9780138132552
050 _aHD30.213
_b.K76 KRO
100 _aKroenke David M.
245 _aUsing MIS
_cDavid M. Kroenke
250 _a2nd Ed.
260 _aNew Jersey
_bPearson Education Inc.
_c2009
300 _axliii. 532p.
_bill. (some col.)
_c28 cm
500 _aIncludes Index
650 _2MIS
942 _2lcc
_cBK
_e2nd Ed.
_n0
999 _c5565
_d5565